01757agaaa2200301 45000010005000000030009000050050017000140070009000310080040000400400023000800410013001031000046001161300022001622450180001842500022003642600130003863000033005165080187005495110014007365200371007505380016011215460013011376500063011507000063012137000057012767000058013337000064013915456IT-RoPAU20220918181232.0d cvaizq50131s9999||||xx ||| | || ||und|| aIT-RoPAUcIT-RoPAU aITALIANO aLizzani CarlogCodice regista SPICS: 4574 aINDIFFERENZA (L') aINDIFFERENZA (L')cProdotto da: Lizzani Carlo -- Sceneggiatura: Lizzani Carlo -- Diretto da: Lizzani CarlopAMORE E RABBIA (VANGELO '70) (Rif. Codice opera principale : H5455) aEdizione Standard a(ITALIA - FRANCIA)bCASTORO FILM - ANOUCHKA FILM / Distribuzione: MEDIAWORLDg"1968 (1° ed.: 2005 ; Ed. Lingua Orig.: 1968)" aDVDbsonoro, col.c98 minuti a"Fotografia: Mancori Sandro; Montaggio: Fraticelli Franco; Musica: Fusco Giovanni; Sceneggiatura: Lizzani Carlo; Scenografia: Scavia Mimmo; Soggetto: Badalassi Piero -- Pucci Puccio" aBaker Tom a"E' UNA RILETTURA DELLA PARABOLA DEL BUON SAMARITANO. UN UOMO, VITTIMA DI UN INCIDENTE STRADALE, CHIEDE VANAMENTE AIUTO PER LA COMPAGNA FERITA; L'UNICO AUTOMOBILISTA CHE SI FERMA E ACCONSENTE A CONDURLA IN OSPEDALE, E' UN RICERCATO DALLA POLIZIA. NELL'EPISODIO E' SOTTOLINEATA, IN MODO INCISIVO, L'INSENSIBILITA' VERSO IL PROSSIMO. EPISODIO DEL FILM AMORE E RABBIA." aPAL, STEREO aITALIANO aFILM A EPISODIeDVD-FILM [DVD]xCodice MATERIA SPICS: 9947 aBadalassi Piero e(soggetto)gCodice Soggetto SPICS: 18287 aFusco Giovannie(musica)gCodice Musica SPICS: 22982 aLizzani Carlo e(regista)gCodice regista SPICS: 4574 aPucci Puccio e(soggetto)gCodice Soggetto 2° SPICS: 58118